000 00442nam a22001577a 4500
005 20200104041752.0
008 170201b xxu||||| |||| 00| 0 spa d
040 _aCO-BoIAVH
_cCO-BoIAVH
041 _aspa
090 _aAV
_b00348
110 _aInstituto de Investigación de Recursos Biológicos Alexander von Humboldt
_9204
245 _aVídeo Araracuara raudales de biodiversidad
257 _aColombia
300 _a.
942 _2z
_cVHS
999 _c19265
_d19265